<?xml version="1.0" encoding="UTF-8"?>
<collection xmlns="http://www.loc.gov/MARC21/slim">
  <record>
    <leader>00000nam  2200000   4500</leader>
    <controlfield tag="001">INLIS000000000059929</controlfield>
    <datafield tag="990" ind1="#" ind2="#">
      <subfield code="a">3202103620</subfield>
    </datafield>
    <controlfield tag="005">20211221074113</controlfield>
    <datafield tag="035" ind1="#" ind2="#">
      <subfield code="a">0010-1221000156</subfield>
    </datafield>
    <controlfield tag="007">ta</controlfield>
    <controlfield tag="008">211221###########################0#ind##</controlfield>
    <datafield tag="082" ind1="#" ind2="#">
      <subfield code="a">346.08</subfield>
    </datafield>
    <datafield tag="084" ind1="#" ind2="#">
      <subfield code="a">346.08 Ind u</subfield>
    </datafield>
    <datafield tag="245" ind1="#" ind2="#">
      <subfield code="a">Undang-Undang Perbankan No. 10 Tahun 1998 Tentang Perubahan Undang-Undang Nomor 7 Tahun 1992 Tentang Perbankan</subfield>
    </datafield>
    <datafield tag="300" ind1="#" ind2="#">
      <subfield code="a">viii,120 halaman ;</subfield>
      <subfield code="c">21  cm.</subfield>
    </datafield>
    <datafield tag="650" ind1="#" ind2="4">
      <subfield code="a">Bank dan Perbankan - Undang -Undang dan Peraturan</subfield>
    </datafield>
    <datafield tag="264" ind1="#" ind2="#">
      <subfield code="a">jakarta :</subfield>
      <subfield code="b">Sinar Grafika,</subfield>
      <subfield code="c">2007</subfield>
    </datafield>
    <datafield tag="336" ind1="#" ind2="#">
      <subfield code="a">teks</subfield>
      <subfield code="2">rdacontent</subfield>
    </datafield>
    <datafield tag="337" ind1="#" ind2="#">
      <subfield code="a">lain-lain</subfield>
      <subfield code="2">rdamedia</subfield>
    </datafield>
    <datafield tag="338" ind1="#" ind2="#">
      <subfield code="a">lain-lain</subfield>
      <subfield code="2">rdacarrier</subfield>
    </datafield>
    <datafield tag="990" ind1="#" ind2="#">
      <subfield code="a">36203620</subfield>
    </datafield>
  </record>
</collection>
